| 000 | 00778nam a2200205Ia 4500 | ||
|---|---|---|---|
| 003 | GCL | ||
| 008 | 140319s9999 xx 000 0 ara d | ||
| 040 |
_aGCL / _cGCL |
||
| 082 | 0 | 4 |
_a516 _bم م |
| 100 | 1 | _aمحمد رشاد الدين مصطفى حسين | |
| 245 | 1 | 0 |
_aالميكروكمبيوتر والمساحة الهندسية / _cمحمد رشاد الدين مصطفى حسين |
| 260 |
_aبيروت : _bدار الراتب الجامعية |
||
| 300 |
_a290 ص ؛ _c24 سم |
||
| 490 | _a | ||
| 650 | 0 | 4 | _aالحاسبات الالكترونية |
| 650 | 0 | 4 | _aهندسة الحاسبات الالكترونية |
| 650 | 0 | 4 | _aالمساحة الهندسية |
| 650 | 0 | 4 | _aالحاسبات الالكترونية - تصميمات هندسية |
| 942 |
_2ddc _cBK |
||
| 999 |
_c39713 _d39713 |
||